| 000 | 01176cam a22002054a 4500 | ||
|---|---|---|---|
| 005 | 20250605164000.0 | ||
| 008 | 250528s ||||||||||||||||||||||||d | ||
| 035 | _a15597 | ||
| 020 | _a1870941829 | ||
| 040 |
_aGR-AtMCL _bgre _dGR-AtMCL _eAACR2 |
||
| 245 | 1 | _aStructured Programming in COBOL / Second Edition | |
| 250 | _a2nd | ||
| 260 |
_bDp Publications Ltd, _c1991 |
||
| 300 | _a518 | ||
| 520 | _aThis book is written around two themes: the design of structured computer programs based on the techniques from Jackson Structured Programming (JSP); and the methods available for coding these designs in the COBOL language. Preface, Acknowledgements, Computer Environment, Structured Design, Elements of COBOL, A Complete Program, Program Development, Picture Editing, Coding Data Files and Reports, Introduction to File Processing, Program Structures from File Structures, File Maintainance, Tables, Random Access Files, Program Implementation Techniques, Structured Programming with COBOL-85, Software Development Tools, Miscellaneous Features, Appendices, Bibliography, Index. | ||
| 700 | 1 |
_aHolmes B.J _91562 |
|
| 942 | _cBK | ||
| 999 |
_c1167 _d1167 |
||